| 000 -LEADER |
| fixed length control field |
00467nam a22001697a 4500 |
| 008 - FIXED-LENGTH DATA ELEMENTS--GENERAL INFORMATION |
| fixed length control field |
220715b ||||| |||| 00| 0 eng d |
| 020 ## - INTERNATIONAL STANDARD BOOK NUMBER |
| International Standard Book Number |
9780071147118 |
| 082 ## - DEWEY DECIMAL CLASSIFICATION NUMBER |
| Classification number |
620.00151 |
| Item number |
ROS |
| 100 ## - MAIN ENTRY--PERSONAL NAME |
| Personal name |
Ross, Timothy J. |
| 245 ## - TITLE STATEMENT |
| Title |
Fuzzy logic with engineering applications |
| 260 ## - PUBLICATION, DISTRIBUTION, ETC. (IMPRINT) |
| Place of publication, distribution, etc |
New York |
| Name of publisher, distributor, etc |
McGraw Hill |
| Date of publication, distribution, etc |
1997 |
| 300 ## - PHYSICAL DESCRIPTION |
| Extent |
xx, 600p. |
| 650 ## - SUBJECT ADDED ENTRY--TOPICAL TERM |
| Topical term or geographic name as entry element |
Fuzzy logic |
| 650 ## - SUBJECT ADDED ENTRY--TOPICAL TERM |
| Topical term or geographic name as entry element |
Engineering mathematics |
| 650 ## - SUBJECT ADDED ENTRY--TOPICAL TERM |
| Topical term or geographic name as entry element |
Engineering--Statistical methods |
| 942 ## - ADDED ENTRY ELEMENTS (KOHA) |
| Item type |
Books |